000 00805cab a2200253 4500
001 ABS57560
008 090401t1997 xxu||||| |||| 00| 0 eng d
035 _a(Sirsi) u80714
041 _aeng
100 _aLowe, J.
245 _aInsolvency in the construction industry
260 _c1997
350 _a0
490 _aJournal of Financial Management of Property and Construction
_v2(1) March 1997, 83-110(28)
520 _aAn analytical and empirical study of insolvency in the UK construction industry highlighting the main cause as poor cash flow. References.
650 _aCASH FLOW
650 _aCONSTRUCTION COMPANIES
650 _aCONSTRUCTION INDUSTRY
650 _aInsolvency
_96247
650 _aLIQUIDATIONS
690 _aBUILT ENVIRONMENT
942 _n0
948 _c08/09/1997
999 _c50815
_d50815